Organic chemistry /

Bibliographic Details
Main Author: Klein, David R., 1972- (Author)
Format: Book
Language:English
Published: Singapore : Wiley, c2022.
Edition:Fourth edition, international adaptation.
Subjects:
Classic Catalogue: View this record in Classic Catalogue
LEADER 04258nam a22003977a 4500
001 44843
003 BD-DhAAL
008 250923t2022 si a b 001 0 eng d
020 |a 9781119820833  |q paperback 
020 |a 9781119820840  |q ePub 
020 |a 9781119820857  |q ePdf 
040 |a BD-DhAAL  |c BD-DhAAL 
082 0 0 |a 547  |2 23 
100 1 |a Klein, David R.,  |d 1972-  |e author.  |9 50822 
245 1 0 |a Organic chemistry /  |c David Klein. 
250 |a Fourth edition, international adaptation. 
260 |a Singapore :  |b Wiley,  |c c2022. 
300 |a xix, 1296 pages, 66 pages in various pagings :  |b color illustrations ;  |c 28 cm 
500 |a Includes index. 
526 |a PHR  |x Faruque Azam Senior Lecturer School of Pharmacy BRAC University Course Name : Physiology-I (PHR 109) 
541 |a Trim Education  |e 44843, 44844, 44845, 44846, 44847, 44848, 44849, 44850, 44851, 44852 
650 0 |a Chemistry, Organic  |v Textbooks.  |9 50823 
650 0 |a Pharmacy.  |9 50824 
852 |a Ayesha Abed Library  |c General Stacks 
942 |2 ddc  |c BK 
999 |c 47598  |d 47598 
952 |0 0  |1 0  |2 ddc  |4 0  |6 547_000000000000000_KLE  |7 0  |9 78295  |a BRACUL  |b BRACUL  |c GEN  |d 2025-09-23  |e Trim Education  |g 9500.00  |l 0  |o 547 KLE  |p 3010044852  |r 2025-09-23  |t 10  |v 19000.00  |w 2025-09-23  |y BK  |x Requisitioned by Faruque Azam (Senior Lecturer, School of Pharmacy, BRAC University) for the course named- 'Physiology-I (PHR 109)' 
952 |0 0  |1 0  |2 ddc  |4 0  |6 547_000000000000000_KLE  |7 0  |9 78296  |a BRACUL  |b BRACUL  |c GEN  |d 2025-09-23  |e Trim Education  |g 9500.00  |l 1  |o 547 KLE  |p 3010044846  |r 2025-12-11  |s 2025-12-06  |t 4  |v 19000.00  |w 2025-09-23  |y BK  |x Requisitioned by Faruque Azam (Senior Lecturer, School of Pharmacy, BRAC University) for the course named- 'Physiology-I (PHR 109)' 
952 |0 0  |1 0  |2 ddc  |4 0  |6 547_000000000000000_KLE  |7 0  |9 78297  |a BRACUL  |b BRACUL  |c GEN  |d 2025-09-23  |e Trim Education  |g 9500.00  |l 0  |o 547 KLE  |p 3010044850  |r 2025-09-23  |t 8  |v 19000.00  |w 2025-09-23  |y BK  |x Requisitioned by Faruque Azam (Senior Lecturer, School of Pharmacy, BRAC University) for the course named- 'Physiology-I (PHR 109)' 
952 |0 0  |1 0  |2 ddc  |4 0  |6 547_000000000000000_KLE  |7 0  |9 78298  |a BRACUL  |b BRACUL  |c GEN  |d 2025-09-23  |e Trim Education  |g 9500.00  |l 0  |o 547 KLE  |p 3010044847  |r 2025-09-23  |t 5  |v 19000.00  |w 2025-09-23  |y BK  |x Requisitioned by Faruque Azam (Senior Lecturer, School of Pharmacy, BRAC University) for the course named- 'Physiology-I (PHR 109)' 
952 |0 0  |1 0  |2 ddc  |4 0  |6 547_000000000000000_KLE  |7 0  |9 78299  |a BRACUL  |b BRACUL  |c GEN  |d 2025-09-23  |e Trim Education  |g 9500.00  |l 0  |o 547 KLE  |p 3010044851  |r 2025-09-23  |t 9  |v 19000.00  |w 2025-09-23  |y BK  |x Requisitioned by Faruque Azam (Senior Lecturer, School of Pharmacy, BRAC University) for the course named- 'Physiology-I (PHR 109)' 
952 |0 0  |1 0  |2 ddc  |4 0  |6 547_000000000000000_KLE  |7 0  |9 78300  |a BRACUL  |b BRACUL  |c CIR  |d 2025-09-23  |e Trim Education  |g 9500.00  |l 0  |o 547 KLE  |p 3010044845  |r 2025-09-23  |t 3  |v 19000.00  |w 2025-09-23  |y 1HOUR  |x Requisitioned by Faruque Azam (Senior Lecturer, School of Pharmacy, BRAC University) for the course named- 'Physiology-I (PHR 109)' 
952 |0 0  |1 0  |2 ddc  |4 0  |6 547_000000000000000_KLE  |7 0  |9 78301  |a BRACUL  |b BRACUL  |c GEN  |d 2025-09-23  |e Trim Education  |g 9500.00  |l 0  |o 547 KLE  |p 3010044848  |r 2025-09-23  |t 6  |v 19000.00  |w 2025-09-23  |y BK  |x Requisitioned by Faruque Azam (Senior Lecturer, School of Pharmacy, BRAC University) for the course named- 'Physiology-I (PHR 109)' 
952 |0 0  |1 0  |2 ddc  |4 0  |6 547_000000000000000_KLE  |7 0  |9 78302  |a BRACUL  |b BRACUL  |c NEW  |d 2025-09-23  |e Trim Education  |g 9500.00  |l 0  |o 547 KLE  |p 3010044843  |r 2025-09-23  |t 1  |v 19000.00  |w 2025-09-23  |y BK  |x Requisitioned by Faruque Azam (Senior Lecturer, School of Pharmacy, BRAC University) for the course named- 'Physiology-I (PHR 109)' 
952 |0 0  |1 0  |2 ddc  |4 0  |6 547_000000000000000_KLE  |7 0  |9 78303  |a BRACUL  |b BRACUL  |c CIR  |d 2025-09-23  |e Trim Education  |g 9500.00  |l 0  |o 547 KLE  |p 3010044844  |r 2025-09-23  |t 2  |v 19000.00  |w 2025-09-23  |y 1HOUR  |x Requisitioned by Faruque Azam (Senior Lecturer, School of Pharmacy, BRAC University) for the course named- 'Physiology-I (PHR 109)' 
952 |0 0  |1 0  |2 ddc  |4 0  |6 547_000000000000000_KLE  |7 0  |9 78304  |a BRACUL  |b BRACUL  |c GEN  |d 2025-09-23  |e Trim Education  |g 9500.00  |l 0  |o 547 KLE  |p 3010044849  |r 2025-09-23  |t 7  |v 19000.00  |w 2025-09-23  |y BK  |x Requisitioned by Faruque Azam (Senior Lecturer, School of Pharmacy, BRAC University) for the course named- 'Physiology-I (PHR 109)'